000 01051nam a22002537a 4500
005 20240530110453.0
008 150521s2011 ua adk g b 000 0 ara d
017 _a2010/24736
_bمصر . دار الكتب المصرية
020 _a9789773832276
040 _aEG-CaGPL
082 0 4 _221
_a651.3741\
_bب س
100 0 _aبسيونى محمد البرادعى
245 1 0 _aتنمية مهارات السكرتارية التنفيذية فى ضل الادارة الالكترونية /
_cتاليف بسيونى محمد البرادعى
_nالجزء الاول
250 _aط1
260 _aالقاهرة :
_bإيتراك للطباعة و النشر و التوزيع ،
_c2011 .
300 _a183 ص :
_bايض ؛
_c24 سم .
504 _aيشتمل على ارجاعات ببليوجرافية
650 0 4 _aالسكرتارية
650 0 4 _aالسكرتارية عن بعد
650 0 4 _aادارة الاعمال
650 0 4 _aادارة المكاتب
942 _2ddc
_cBK
999 _c61307
_d61307